[Event "Oslo Chess International 2014"]
[Site "Oslo"]
[Date "2014.09.28"]
[Round "1"]
[White "Ruud, Svein E"]
[Black "Hånes, Sturle"]
[Result "1-0"]
[WhiteElo "1798"]
[BlackElo "1309"]
[PlyCount "85"]
[EventDate "2014.??.??"]

1. d4 Nf6 2. Nf3 e6 3. e3 d5 4. Bd3 g6 5. O-O Bg7 6. c4 O-O 7. Nc3 c6 8. b3
Nbd7 9. Bb2 Qc7 10. cxd5 exd5 11. Rc1 Qd8 12. Qd2 Re8 13. Bb1 Qa5 14. Qd1 Nf8
15. a3 Bd7 16. Na4 Ne4 17. b4 Qd8 18. Ne5 Be6 19. f3 f6 20. Nxc6 bxc6 21. fxe4
dxe4 22. Bxe4 Bd5 23. Bxd5+ cxd5 24. Qb3 Bh6 25. Rf3 Ne6 26. Rcf1 f5 27. Nc5
Ng5 28. R3f2 Rc8 29. Bc1 Kg7 30. a4 Ne6 31. Nxe6+ Rxe6 32. b5 a6 33. Rf3 Rb8
34. Ba3 axb5 35. Rb1 Reb6 36. a5 Ra6 37. Qb4 Qxa5 38. Qe7+ Kg8 39. Bd6 Qd8 40.
Qe6+ Kh8 41. Be5+ Bg7 42. Bxg7+ Kxg7 43. Qxa6
1-0

[Event "Oslo Chess International 2014"]
[Site "Oslo"]
[Date "2014.09.28"]
[Round "1"]
[White "Mrdeza, Jason"]
[Black "Mørkedal, Øyvind"]
[Result "1/2-1/2"]
[WhiteElo "1300"]
[BlackElo "1766"]
[PlyCount "83"]
[EventDate "2014.??.??"]

1. e4 c5 2. Nf3 e6 3. d4 cxd4 4. Nxd4 a6 5. Nc3 Qc7 6. Bd3 Nf6 7. O-O Bc5 8.
Nf3 d6 9. Qe2 Nbd7 10. Be3 e5 11. h3 b5 12. Nd1 Bb7 13. Nd2 O-O 14. c3 Bxe3 15.
Nxe3 Nc5 16. Nf5 g6 17. Nh6+ Kg7 18. Ng4 Nxg4 19. hxg4 Nxd3 20. Qxd3 Qd7 21.
Rfd1 Qxg4 22. Qxd6 Qg5 23. Nf3 Qf4 24. Qxe5+ Qxe5 25. Nxe5 Bxe4 26. Nd7 Rfe8
27. Nc5 Bc6 28. Rd6 Rec8 29. Rad1 Bxg2 30. Nxa6 Bf3 31. R1d2 h5 32. Nb4 Re8 33.
Kf1 Re7 34. Rd7 Re5 35. a3 Rae8 36. Nc2 Rg5 37. Ne3 h4 38. R2d4 h3 39. Rf4 h2
40. Rfxf7+ Kg8 41. Rg7+ Kh8 42. Rh7+
1/2-1/2

[Event "Oslo Chess International 2014"]
[Site "Oslo"]
[Date "2014.09.28"]
[Round "1"]
[White "Edakina, Anastasia"]
[Black "Nymo, Olav Andreas Førde"]
[Result "1-0"]
[WhiteElo "1733"]
[BlackElo "1200"]
[PlyCount "121"]
[EventDate "2014.??.??"]

1. e4 c6 2. d4 d5 3. f3 dxe4 4. fxe4 c5 5. Bb5+ Bd7 6. Bxd7+ Qxd7 7. Nf3 cxd4
8. Qxd4 e6 9. Nc3 Nf6 10. Bg5 Nc6 11. Qxd7+ Nxd7 12. O-O-O f6 13. Be3 a6 14. a3
Bc5 15. Rhe1 Rd8 16. Na4 Be7 17. Nd4 Nxd4 18. Rxd4 Kf7 19. Red1 Ne5 20. h3 Nc6
21. Rd7 Rxd7 22. Rxd7 b5 23. Nc5 Ne5 24. Rd1 Bxc5 25. Bxc5 Rc8 26. Bf2 Rc4 27.
Rd4 Rxd4 28. Bxd4 Nc6 29. Bc5 f5 30. exf5 exf5 31. Kd2 Ke6 32. h4 Kd5 33. Bf8
g6 34. Bg7 Nd4 35. Kd3 Ne6 36. Bh6 f4 37. b3 Nc5+ 38. Ke2 Kd4 39. Bxf4 Kc3 40.
Kd1 Kb2 41. Bc1+ Kc3 42. Bg5 Nd7 43. Be7 Ne5 44. Bf6 Kd4 45. Kd2 Kd5 46. Bxe5
Kxe5 47. Kd3 Kd5 48. c4+ bxc4+ 49. bxc4+ Kc5 50. Kc3 a5 51. Kb3 Kd4 52. g4 h5
53. gxh5 gxh5 54. a4 Kc5 55. Kc3 Kd6 56. Kd4 Kc6 57. c5 Kb7 58. Kd5 Kc7 59. c6
Kc8 60. Kc5 Kc7 61. Kb5
1-0

[Event "Oslo Chess International 2014"]
[Site "Oslo"]
[Date "2014.09.28"]
[Round "1"]
[White "Roksvold, Thore"]
[Black "Ondo, Shaun"]
[Result "0-1"]
[WhiteElo "1140"]
[BlackElo "1730"]
[PlyCount "86"]
[EventDate "2014.??.??"]

1. e4 e5 2. Bc4 Nf6 3. d4 exd4 4. Nf3 Bb4+ 5. c3 dxc3 6. Bxf7+ Kxf7 7. Qb3+ d5
8. Qxb4 Nc6 9. Qxc3 Nxe4 10. Qe3 Re8 11. Qf4+ Nf6+ 12. Kf1 Kg8 13. Be3 Re4 14.
Qg3 Rg4 15. Qh3 Rc4 16. Qg3 Ne4 17. Qf4 Nd2+ 18. Nbxd2 Rxf4 19. Bxf4 Bf5 20. h3
Qf6 21. g4 Bd3+ 22. Kg2 Qxf4 23. Rhe1 Nd4 24. Nxd4 Qxd4 25. Nb3 Qxb2 26. Re3
Be4+ 27. Kg3 Qe5+ 28. f4 Qd6 29. Rae1 c5 30. Nd2 Re8 31. Rd1 Qc6 32. Nxe4 Rxe4
33. Kf3 Rxe3+ 34. Kxe3 Qe6+ 35. Kd3 Qe4+ 36. Kc3 d4+ 37. Kb2 Qxf4 38. Rc1 d3
39. Kc3 c4 40. Re1 Kf8 41. Rb1 Qe5+ 42. Kxc4 d2 43. Kd3 Qe1
0-1

[Event "Oslo Chess International 2014"]
[Site "Oslo"]
[Date "2014.09.28"]
[Round "1"]
[White "Huse, Sigurd Kjelsbøl"]
[Black "Ingebretsen, Jens E"]
[Result "1-0"]
[WhiteElo "1720"]
[BlackElo "1117"]
[PlyCount "93"]
[EventDate "2014.??.??"]

1. e4 e5 2. Nf3 Nc6 3. Bb5 a6 4. Bxc6 dxc6 5. O-O Bd6 6. d4 Qe7 7. dxe5 Bxe5 8.
Nxe5 Qxe5 9. Nc3 Bd7 10. Qf3 g5 11. Qe3 h6 12. f4 gxf4 13. Qxf4 Qxf4 14. Bxf4
O-O-O 15. Rad1 Bg4 16. Rxd8+ Kxd8 17. h3 Bh5 18. g4 Bg6 19. Rd1+ Kc8 20. Kf2
Nf6 21. Kf3 h5 22. Be5 hxg4+ 23. hxg4 Bxe4+ 24. Nxe4 Rh3+ 25. Ng3 Nd7 26. Bf4
Nc5 27. Rh1 Rxh1 28. Nxh1 Na4 29. Be5 Kd7 30. Nf2 Nb6 31. b3 Nd5 32. Nd3 b6 33.
c4 Ne7 34. Bf6 c5 35. Bxe7 Kxe7 36. Ke4 f6 37. Nf4 c6 38. Kf5 b5 39. Nh5 a5 40.
a4 b4 41. Nxf6 Kf7 42. g5 Kg7 43. g6 Kf8 44. Nh5 Kg8 45. Kf6 Kh8 46. g7+ Kg8
47. Ng3
1-0

[Event "Oslo Chess International 2014"]
[Site "Oslo"]
[Date "2014.09.28"]
[Round "1"]
[White "Larsen, Per Magnus"]
[Black "Moberg, Jan Rune"]
[Result "0-1"]
[WhiteElo "1000"]
[BlackElo "1697"]
[PlyCount "50"]
[EventDate "2014.??.??"]

1. d4 d6 2. c4 c6 3. Nc3 Nd7 4. e4 e5 5. Nf3 Be7 6. Be3 Ngf6 7. h3 O-O 8. c5
exd4 9. cxd6 dxe3 10. fxe3 Re8 11. dxe7 Qxe7 12. Qc2 Nxe4 13. Nxe4 Qxe4 14.
Qxe4 Rxe4 15. Kf2 Nf6 16. Bd3 Re8 17. e4 Nxe4+ 18. Bxe4 Rxe4 19. Rhe1 Rxe1 20.
Rxe1 Be6 21. a3 Rd8 22. Ke3 h6 23. Ne5 Bd5 24. Rf1 f6 25. Rd1 fxe5
0-1

[Event "Oslo Chess International 2014"]
[Site "Oslo"]
[Date "2014.09.28"]
[Round "1"]
[White "Yilmaz, Kazim"]
[Black "Bjørnsen, Magnus"]
[Result "1-0"]
[WhiteElo "1686"]
[BlackElo "925"]
[PlyCount "71"]
[EventDate "2014.??.??"]

1. c4 e5 2. Nc3 Nc6 3. Nf3 Nf6 4. g3 Bc5 5. Bg2 O-O 6. O-O d6 7. d3 Be6 8. e4
Nd4 9. Be3 a6 10. Bxd4 exd4 11. Ne2 Bg4 12. h3 Bxf3 13. Bxf3 Nd7 14. Bg2 c6 15.
Kh2 b5 16. b3 a5 17. cxb5 cxb5 18. e5 Rc8 19. exd6 Bxd6 20. Rc1 Re8 21. Nxd4
Rxc1 22. Qxc1 b4 23. Nc6 Qb6 24. d4 h5 25. Qg5 g6 26. Qxa5 Qxa5 27. Nxa5 h4 28.
Nc4 hxg3+ 29. fxg3 Bc7 30. Rf2 Re1 31. d5 Ne5 32. d6 Bb8 33. Nxe5 Rxe5 34. d7
Bc7 35. Rc2 Bb6 36. Rc8+
1-0

[Event "Oslo Chess International 2014"]
[Site "Oslo"]
[Date "2014.09.28"]
[Round "1"]
[White "Berg-Olsen, Sebastian N"]
[Black "Bakkes, Frits"]
[Result "0-1"]
[WhiteElo "910"]
[BlackElo "1682"]
[PlyCount "94"]
[EventDate "2014.??.??"]

1. e4 c5 2. Nf3 Nc6 3. Nc3 d6 4. d4 cxd4 5. Nxd4 e5 6. Nf3 Nf6 7. Bc4 Be7 8. h3
Bd7 9. Nd5 Nxe4 10. Nxe7 Qxe7 11. c3 O-O 12. Qd3 Nc5 13. Qc2 Be6 14. Ng5 g6 15.
Nxe6 fxe6 16. Bh6 Rf7 17. O-O d5 18. Be2 e4 19. b4 Nd7 20. f3 exf3 21. Rxf3
Nde5 22. Rxf7 Nxf7 23. Be3 Rc8 24. Bd3 Nxb4 25. Qd2 Nxd3 26. Qxd3 Ne5 27. Qc2
b6 28. Bd4 Nf7 29. Re1 Nd6 30. g4 Rc4 31. Qh2 Rc8 32. Qe5 Kf7 33. Qg7+ Ke8 34.
Qxe7+ Kxe7 35. Rf1 Ne4 36. g5 Rf8 37. Rxf8 Kxf8 38. h4 Ke7 39. Kf1 Kd6 40. Ke2
e5 41. Bg1 Nxc3+ 42. Kd3 Nxa2 43. Kc2 d4 44. Kd3 Kd5 45. Kc2 e4 46. Kd2 Nb4 47.
Ke2 a5
0-1

[Event "Oslo Chess International 2014"]
[Site "Oslo"]
[Date "2014.09.28"]
[Round "1"]
[White "Taranger, Rune"]
[Black "Thorvaldsen, Thomas"]
[Result "1-0"]
[WhiteElo "1681"]
[BlackElo "908"]
[PlyCount "53"]
[EventDate "2014.??.??"]

1. Nf3 Nf6 2. g3 g6 3. Bg2 Bg7 4. O-O O-O 5. c4 c5 6. Nc3 Nc6 7. e4 d6 8. d3 e5
9. h3 Be6 10. Kh2 Qb6 11. Rb1 h6 12. Be3 Qc7 13. Qd2 Kh7 14. Ng1 Qa5 15. f4
exf4 16. gxf4 Nd4 17. Nge2 Ng8 18. f5 gxf5 19. exf5 Bxf5 20. Rxf5 Nxf5 21. Be4
Nge7 22. Ng3 Be5 23. Bf4 Bxf4 24. Qxf4 Rab8 25. Nxf5 Ng6 26. Qxh6+ Kg8 27. Qg7#
1-0

[Event "Oslo Chess International 2014"]
[Site "Oslo"]
[Date "2014.09.28"]
[Round "1"]
[White "Pedersen, Helge F"]
[Black "Hjortås, Olav"]
[Result "0-1"]
[WhiteElo "888"]
[BlackElo "1680"]
[PlyCount "69"]
[EventDate "2014.??.??"]

1. e4 d5 2. e5 c5 3. c3 Nc6 4. d4 cxd4 5. cxd4 Qb6 6. Nf3 Bg4 7. Be2 e6 8. a3
Bxf3 9. Bxf3 Qxd4 10. Qxd4 Nxd4 11. Bd1 Nc6 12. Ba4 Bc5 13. O-O Nge7 14. Nd2
O-O 15. Nf3 a6 16. b4 Ba7 17. Bb2 b5 18. Bb3 a5 19. bxa5 Nxa5 20. Bc2 Nc4 21.
Bd4 Bxd4 22. Nxd4 Nxa3 23. Ra2 b4 24. Rfa1 Nxc2 25. Rxa8 Nxa1 26. Rxa1 Rc8 27.
f4 Kf8 28. g3 Nc6 29. Nxc6 Rxc6 30. Ra8+ Ke7 31. Ra7+ Ke8 32. Rb7 Rc1+ 33. Kf2
Rb1 34. Ke2 b3 35. Kd2
0-1

[Event "Oslo Chess International 2014"]
[Site "Oslo"]
[Date "2014.09.28"]
[Round "1"]
[White "Reppen, Tore"]
[Black "Øygard, Torbjørn"]
[Result "1-0"]
[WhiteElo "1678"]
[BlackElo "800"]
[PlyCount "93"]
[EventDate "2014.??.??"]

1. g3 d5 2. Bg2 Nf6 3. c4 c6 4. cxd5 cxd5 5. Nf3 Nc6 6. O-O e5 7. d3 g6 8. Bg5
Bg7 9. a3 O-O 10. Nc3 Be6 11. b4 a6 12. Rc1 Qd7 13. Na4 Qd8 14. Nc5 Bc8 15. Qc2
Re8 16. e4 d4 17. Qd2 Rb8 18. Nxa6 Ra8 19. b5 bxa6 20. bxc6 a5 21. Rc5 Qc7 22.
Rfc1 Re6 23. Bh3 Re8 24. Bxc8 Raxc8 25. Qxa5 Qxa5 26. Rxa5 Re6 27. Ra6 Ne8 28.
Rc2 Nc7 29. Rb6 Na8 30. Rb7 Bf8 31. a4 f6 32. Bd2 Rexc6 33. Rxc6 Rxc6 34. Rb8
Nb6 35. Bb4 Nc8 36. Bxf8 Kxf8 37. a5 Rc7 38. Nd2 Ke8 39. Nc4 Kd7 40. f4 exf4
41. gxf4 Nd6 42. Rb4 Nxc4 43. Rxc4 Rxc4 44. dxc4 Kc6 45. e5 fxe5 46. fxe5 d3
47. Kf1
1-0

[Event "Oslo Chess International 2014"]
[Site "Oslo"]
[Date "2014.09.28"]
[Round "2"]
[White "Kverndal, Leif"]
[Black "Kovachev, Daniel Jakobsen"]
[Result "0-1"]
[WhiteElo "1838"]
[BlackElo "2289"]
[PlyCount "74"]
[EventDate "2014.??.??"]

1. d4 Nf6 2. Nf3 g6 3. g3 Bg7 4. Bg2 O-O 5. c4 d6 6. O-O Nc6 7. Nc3 a6 8. e4
Bg4 9. h3 Bxf3 10. Bxf3 Nd7 11. Be3 e5 12. d5 Nd4 13. Bg2 c5 14. f4 exf4 15.
gxf4 f5 16. Rb1 b5 17. cxb5 axb5 18. a3 Qa5 19. Kh1 Rae8 20. Bxd4 Bxd4 21. b4
Qa6 22. Ne2 Bg7 23. exf5 gxf5 24. Rb3 Re7 25. Ng3 c4 26. Rbf3 Qc8 27. Re1 Rxe1+
28. Qxe1 Re8 29. Re3 Rxe3 30. Qxe3 Nf6 31. Ne2 Qe8 32. Qe6+ Qxe6 33. dxe6 Ne4
34. Kg1 c3 35. Kf1 c2 36. Ke1 Bc3+ 37. Kf1 Bb2
0-1

[Event "Oslo Chess International 2014"]
[Site "Oslo"]
[Date "2014.09.28"]
[Round "2"]
[White "Kvisla, Johannes Luangtep"]
[Black "Ruud, Svein E"]
[Result "1-0"]
[WhiteElo "2096"]
[BlackElo "1798"]
[PlyCount "71"]
[EventDate "2014.??.??"]

1. d4 d6 2. e4 Nf6 3. Nc3 g6 4. Be2 Bg7 5. g4 b6 6. g5 Ng8 7. h4 Bb7 8. Be3 e6
9. Qd2 Nd7 10. O-O-O a6 11. f4 Ne7 12. h5 Nb8 13. Nf3 Qd7 14. Rh4 Nbc6 15. Nh2
Ng8 16. h6 Bf8 17. d5 Nd8 18. Qd4 f6 19. gxf6 Nf7 20. dxe6 Qxe6 21. Bc4 Qxf6
22. Bxf7+ Qxf7 23. Qxh8 O-O-O 24. Qd4 Bxh6 25. Nf3 Qe7 26. Nd5 Qf7 27. Qc4 Kb8
28. Nxb6 Qxc4 29. Nxc4 Bxe4 30. Ng5 Bxg5 31. fxg5 Bf3 32. Rd3 Bh5 33. Na5 Ne7
34. Re4 Rf8 35. Rxe7 Rf1+ 36. Kd2
1-0

[Event "Oslo Chess International 2014"]
[Site "Oslo"]
[Date "2014.09.28"]
[Round "2"]
[White "Svanholm, Børge W"]
[Black "Svensen, Tarjei Joten"]
[Result "0-1"]
[WhiteElo "1835"]
[BlackElo "2082"]
[PlyCount "102"]
[EventDate "2014.??.??"]

1. c4 c6 2. d4 d5 3. Nf3 Nf6 4. Nc3 e6 5. Bg5 Nbd7 6. e3 Qa5 7. Bxf6 Nxf6 8.
Rc1 Bd7 9. Qb3 Bd6 10. Bd3 O-O 11. O-O dxc4 12. Bxc4 e5 13. dxe5 Bxe5 14. Ne2
b6 15. Nxe5 Qxe5 16. Qc3 Qe7 17. Rfd1 Rad8 18. Ng3 c5 19. f3 b5 20. Bb3 c4 21.
Bc2 Be6 22. e4 Qc5+ 23. Kf1 b4 24. Qe1 a5 25. Qf2 Nd7 26. Ne2 Qxf2+ 27. Kxf2
Nc5 28. Nf4 b3 29. axb3 cxb3 30. Bd3 Nxd3+ 31. Nxd3 a4 32. Ke3 Ra8 33. Ra1 Rfc8
34. Rd2 Kf8 35. f4 f5 36. e5 Rc4 37. Rc1 Rac8 38. Rxc4 Rxc4 39. Ke2 Bd5 40. g3
Be4 41. Nf2 Bc2 42. Nd1 Re4+ 43. Kf2 g5 44. fxg5 Rxe5 45. Nc3 Ra5 46. Rd4 a3
47. bxa3 b2 48. Rb4 Rxa3 49. Nb5 Rb3 50. Rxb3 Bxb3 51. Na3 Bc2
0-1

[Event "Oslo Chess International 2014"]
[Site "Oslo"]
[Date "2014.09.28"]
[Round "2"]
[White "Reppen, Sigmund"]
[Black "Bø, Torgeir H"]
[Result "1-0"]
[WhiteElo "2069"]
[BlackElo "1474"]
[PlyCount "53"]
[EventDate "2014.??.??"]

1. e4 c6 2. d4 d5 3. Nc3 dxe4 4. Nxe4 Nf6 5. Nxf6+ exf6 6. Be2 Bd6 7. Bf3 O-O
8. Ne2 Bf5 9. O-O Qc7 10. Ng3 Bg6 11. c4 Nd7 12. c5 Bf4 13. Qb3 Rab8 14. Re1
Rfe8 15. Rxe8+ Rxe8 16. Bxf4 Qxf4 17. Qxb7 Qxd4 18. Bxc6 Nxc5 19. Qxa7 Qxb2 20.
Rf1 Rc8 21. Qxc5 Bd3 22. Re1 Qxa2 23. Bd5 Qa6 24. Qe7 Qb5 25. Qxf7+ Kh8 26. Nh5
Qb1 27. Qxg7#
1-0

[Event "Oslo Chess International 2014"]
[Site "Oslo"]
[Date "2014.09.28"]
[Round "2"]
[White "Ranaldi, Lucas"]
[Black "Jacobsen, Fredrik Beer"]
[Result "1-0"]
[WhiteElo "1831"]
[BlackElo "2046"]
[PlyCount "47"]
[EventDate "2014.??.??"]

1. d4 Nf6 2. Bg5 e6 3. e4 Be7 4. Bd3 b6 5. Nd2 Bb7 6. Ne2 d6 7. O-O Nbd7 8. f4
c5 9. c3 Qc7 10. Rf3 h6 11. Bxf6 Nxf6 12. Rg3 g6 13. Bb5+ Nd7 14. a4 O-O-O 15.
a5 Rdg8 16. axb6 axb6 17. Ba6 f5 18. c4 fxe4 19. Rga3 Bf6 20. Nxe4 Be7 21. N4c3
cxd4 22. Bxb7+ Qxb7 23. Nb5 Qe4 24. Ra7
1-0

[Event "Oslo Chess International 2014"]
[Site "Oslo"]
[Date "2014.09.28"]
[Round "2"]
[White "Smeby, Ole"]
[Black "Edakina, Anastasia"]
[Result "1/2-1/2"]
[WhiteElo "2042"]
[BlackElo "1733"]
[PlyCount "110"]
[EventDate "2014.??.??"]

1. d4 d5 2. Nf3 Nf6 3. c4 c6 4. e3 e6 5. Bd3 dxc4 6. Bxc4 b5 7. Bd3 a6 8. O-O
Nbd7 9. e4 c5 10. Bg5 Be7 11. e5 Nd5 12. Bxe7 Qxe7 13. Nc3 c4 14. Bb1 Bb7 15.
Ne4 O-O 16. Nfg5 h6 17. Nf3 Nf4 18. Qd2 Ng6 19. Qc2 Rfd8 20. h4 Ndf8 21. g3 Qd7
22. Qe2 Ne7 23. Nd6 Bd5 24. Be4 Bxe4 25. Qxe4 Nf5 26. Nxf5 exf5 27. Qe3 Qd5 28.
b3 Rac8 29. Rac1 cxb3 30. Qxb3 Rc4 31. Rxc4 bxc4 32. Qc3 Ne6 33. Rc1 Nxd4 34.
Nxd4 Qxd4 35. Qxc4 Qxc4 36. Rxc4 Rd5 37. Ra4 Rxe5 38. Rxa6 Re1+ 39. Kg2 Ra1 40.
Ra8+ Kh7 41. a4 Ra3 42. a5 Kg6 43. a6 f4 44. g4 h5 45. g5 Kf5 46. a7 Kg4 47.
Rg8 Rxa7 48. Rxg7 f3+ 49. Kh2 Ra2 50. Rxf7 Rxf2+ 51. Kg1 Rg2+ 52. Kf1 Kxh4 53.
Rxf3 Rxg5 54. Kf2 Rg4 55. Rf5 Rg5
1/2-1/2

[Event "Oslo Chess International 2014"]
[Site "Oslo"]
[Date "2014.09.28"]
[Round "2"]
[White "Risting, Eivind Olav"]
[Black "Mrdeza, Jason"]
[Result "1-0"]
[WhiteElo "2032"]
[BlackElo "1300"]
[PlyCount "85"]
[EventDate "2014.??.??"]

1. e4 d6 2. d4 Nf6 3. Nc3 g6 4. f4 Bg7 5. Nf3 c5 6. d5 O-O 7. Be2 Na6 8. O-O
Bg4 9. Kh1 Nc7 10. a4 a6 11. h3 Bxf3 12. Bxf3 Rb8 13. a5 b5 14. axb6 Rxb6 15.
Qe2 Nb5 16. Nxb5 axb5 17. Rd1 Qc7 18. e5 dxe5 19. fxe5 Nd7 20. e6 fxe6 21. dxe6
Ne5 22. Bd5 Nc6 23. c3 Qg3 24. Be3 Be5 25. Bg1 Bd6 26. Rf1 b4 27. Rxf8+ Kxf8
28. Bxc6 Rxc6 29. Ra8+ Kg7 30. Qb5 Rc7 31. Qe8 Kh6 32. Qf8+ Kh5 33. Qg7 h6 34.
cxb4 cxb4 35. Ra5+ g5 36. Qf7+ Kh4 37. Qg6 h5 38. Rxg5 Qxg5 39. Bf2+ Qg3 40.
Qe4+ Kg5 41. h4+ Kf6 42. Bxg3 Bxg3 43. Qf3+
1-0

[Event "Oslo Chess International 2014"]
[Site "Oslo"]
[Date "2014.09.28"]
[Round "2"]
[White "Nordquelle, Daniel"]
[Black "Tryggestad, Andreas G"]
[Result "1/2-1/2"]
[WhiteElo "1814"]
[BlackElo "2019"]
[PlyCount "66"]
[EventDate "2014.??.??"]

1. e4 c5 2. Nf3 e6 3. b4 cxb4 4. d4 d5 5. e5 Nc6 6. a3 Qa5 7. Bd3 bxa3+ 8. Bd2
Bb4 9. Rxa3 Bxd2+ 10. Nfxd2 Qb6 11. c3 Nge7 12. Rb3 Qc7 13. Na3 a6 14. Nc2 Bd7
15. Ne3 b5 16. Qg4 g6 17. h4 Qa5 18. Qf3 b4 19. Nc2 bxc3 20. Nb1 Qa4 21. Qf6
Qxb3 22. Qxh8+ Ng8 23. Na1 Qb2 24. O-O O-O-O 25. Nc2 Nge7 26. Qxh7 Nf5 27. Nba3
Qb6 28. Rb1 Qa5 29. Qxf7 Nfxd4 30. Nxd4 Nxd4 31. Qe7 Nc6 32. Qd6 Be8 33. Qxe6+
Bd7
1/2-1/2

[Event "Oslo Chess International 2014"]
[Site "Oslo"]
[Date "2014.09.28"]
[Round "2"]
[White "Pettersson, Ola"]
[Black "Huse, Sigurd Kjelsbøl"]
[Result "0-1"]
[WhiteElo "1997"]
[BlackElo "1720"]
[PlyCount "96"]
[EventDate "2014.??.??"]

1. e4 e5 2. Nf3 Nc6 3. Nc3 Nf6 4. d4 exd4 5. Nd5 Be7 6. Bc4 Nxe4 7. O-O O-O 8.
Re1 Nf6 9. Nxd4 Bc5 10. Nb5 Nxd5 11. Qxd5 d6 12. Bg5 Qd7 13. Rad1 a6 14. Nc3
Qf5 15. Qd2 Ne5 16. Bb3 Bxf2+ 17. Qxf2 Qxg5 18. Nd5 Bg4 19. h4 Qd8 20. Rd4 Be6
21. h5 h6 22. c3 c6 23. Nf4 Qe7 24. Qg3 Bxb3 25. axb3 Rfe8 26. Nd3 Qf6 27. Rf1
Qe6 28. Nf4 Qe7 29. Rfd1 Rad8 30. Re4 Qc7 31. Rde1 Rf8 32. Nd3 Nxd3 33. Qxd3
Qb6+ 34. Kh1 Qc7 35. Qd4 Qd7 36. Re7 Qf5 37. g4 Qf3+ 38. Kh2 c5 39. Qc4 b5 40.
Qe2 Qxe2+ 41. R1xe2 d5 42. Rd2 Rd6 43. Kg3 d4 44. cxd4 cxd4 45. Kf4 d3 46. Ke3
Rfd8 47. Rf2 d2 48. Rfxf7 Re6+
0-1

[Event "Oslo Chess International 2014"]
[Site "Oslo"]
[Date "2014.09.28"]
[Round "2"]
[White "Lie, Terje"]
[Black "Egeland, Finn"]
[Result "0-1"]
[WhiteElo "1575"]
[BlackElo "1995"]
[PlyCount "130"]
[EventDate "2014.??.??"]

1. d4 Nf6 2. c4 g6 3. Nc3 d5 4. Nf3 Bg7 5. Bg5 Ne4 6. e3 Nxg5 7. Nxg5 O-O 8.
cxd5 e6 9. Nf3 exd5 10. Be2 c6 11. O-O Re8 12. Qc2 Nd7 13. Rad1 Nf6 14. b4 a6
15. Rfe1 Qe7 16. a3 a5 17. Rb1 Bf5 18. Bd3 Bxd3 19. Qxd3 Ne4 20. Qc2 Nd6 21.
Qb3 b5 22. a4 Reb8 23. axb5 Nxb5 24. bxa5 Rxa5 25. Ra1 Qa7 26. Rxa5 Qxa5 27.
Na4 Bf8 28. Rc1 Nxd4 29. Qxb8 Ne2+ 30. Kh1 Nxc1 31. Qb1 Qxa4 32. Qxc1 c5 33. g3
Qe4 34. Qd1 c4 35. Kg1 Bg7 36. h4 h6 37. Kf1 Bb2 38. Nd2 Qf5 39. e4 Qh3+ 40.
Kg1 c3 41. Nb3 dxe4 42. Qd8+ Kh7 43. Nd4 Qg4 44. Qe7 Qd1+ 45. Kg2 Qxd4 46.
Qxf7+ Qg7 47. Qc4 Qb7 48. Kh3 h5 49. Kh2 Qe7 50. Kg2 Ba1 51. Kh2 Qb7 52. Qc5
Qf7 53. Kg1 c2 54. Qxc2 Qb7 55. Qe2 Bd4 56. Kg2 Qd5 57. Kh2 Qf5 58. Kg2 Bc5 59.
Kf1 Qh3+ 60. Kg1 Qxg3+ 61. Kf1 Qh3+ 62. Ke1 Qxh4 63. Kd1 Qf4 64. Qb2 Qf3+ 65.
Kc1 Ba3
0-1

[Event "Oslo Chess International 2014"]
[Site "Oslo"]
[Date "2014.09.28"]
[Round "2"]
[White "Johansen, Kai-Roger"]
[Black "Yilmaz, Kazim"]
[Result "1-0"]
[WhiteElo "1995"]
[BlackElo "1686"]
[PlyCount "85"]
[EventDate "2014.??.??"]

1. c4 e6 2. Nf3 d5 3. g3 Nf6 4. Bg2 Bd6 5. d4 c6 6. Nc3 Nbd7 7. Qb3 O-O 8. O-O
b6 9. e4 Nxe4 10. Nxe4 dxe4 11. Ng5 Nf6 12. Nxe4 Nxe4 13. Bxe4 Bb7 14. a4 Rb8
15. Be3 Ba8 16. Rad1 Qe7 17. Qc2 h6 18. c5 bxc5 19. dxc5 Be5 20. Bd4 Qf6 21.
Qc3 Bxd4 22. Rxd4 Rb3 23. Qxb3 Qxd4 24. Qc2 Qf6 25. Rd1 Rd8 26. Rd6 Qe7 27.
Bxc6 Bxc6 28. Rxc6 Qb7 29. Rd6 Rxd6 30. cxd6 Qd5 31. Qc8+ Kh7 32. d7 Qd1+ 33.
Kg2 Qd5+ 34. f3 Qd2+ 35. Kh3 Qe2 36. d8=Q Qf1+ 37. Kg4 h5+ 38. Kh4 Qxf3 39.
Qh8+ Kg6 40. Qc2+ f5 41. Qe8+ Kh6 42. Qxe6+ g6 43. Qd2+
1-0

[Event "Oslo Chess International 2014"]
[Site "Oslo"]
[Date "2014.09.28"]
[Round "2"]
[White "Ondo, Shaun"]
[Black "Moseng, Geir"]
[Result "0-1"]
[WhiteElo "1730"]
[BlackElo "1983"]
[PlyCount "98"]
[EventDate "2014.??.??"]

1. Nf3 f5 2. d4 Nf6 3. g3 g6 4. Bg2 Bg7 5. O-O O-O 6. c4 d6 7. Qb3 Kh8 8. Nc3
Qe8 9. Bf4 h6 10. Nb5 Na6 11. Nc3 g5 12. Bd2 e5 13. dxe5 dxe5 14. e3 c6 15.
Rad1 e4 16. Nd4 Ng4 17. Nce2 Ne5 18. Qa3 Nxc4 19. Qc3 Nb6 20. Qc2 Nd5 21. a3 c5
22. Nb3 b6 23. Nc3 Nac7 24. Nc1 Ba6 25. Rfe1 Rd8 26. N1e2 Qe6 27. Nxd5 Nxd5 28.
Nc3 Bd3 29. Qc1 Be5 30. Nxd5 Rxd5 31. Bc3 Rfd8 32. Bxe5+ Qxe5 33. f4 exf3 34.
Bxf3 R5d6 35. Qc3 Qxc3 36. bxc3 Kg7 37. Kf2 Kf6 38. Rd2 Be4 39. Rde2 Ke5 40. g4
Rd3 41. Rc1 Rd1 42. Rxd1 Rxd1 43. gxf5 Kxf5 44. Bxe4+ Kxe4 45. Rb2 Rc1 46. Rb3
Rc2+ 47. Kg3 c4 48. Rb4 Rxc3 49. Ra4 a5
0-1

[Event "Oslo Chess International 2014"]
[Site "Oslo"]
[Date "2014.09.28"]
[Round "2"]
[White "Wahlstedt, Mats"]
[Black "Taranger, Rune"]
[Result "1-0"]
[WhiteElo "1980"]
[BlackElo "1681"]
[PlyCount "45"]
[EventDate "2014.??.??"]

1. e4 c6 2. c4 d5 3. exd5 cxd5 4. cxd5 Nf6 5. Nc3 Nxd5 6. d4 e6 7. Nf3 Nxc3 8.
bxc3 Qc7 9. Bd2 Nd7 10. Bd3 Nf6 11. c4 Be7 12. O-O O-O 13. Qe2 b6 14. Rfe1 Re8
15. Bg5 Bd7 16. Ne5 h6 17. Bh4 Rac8 18. Bg3 Bd6 19. Rac1 Bc6 20. Nxc6 Qxc6 21.
c5 Bxg3 22. hxg3 Nd5 23. Bb5
1-0

[Event "Oslo Chess International 2014"]
[Site "Oslo"]
[Date "2014.09.28"]
[Round "2"]
[White "Moberg, Jan Rune"]
[Black "Fredriksen, Jan Gunnar"]
[Result "1/2-1/2"]
[WhiteElo "1697"]
[BlackElo "1977"]
[PlyCount "73"]
[EventDate "2014.??.??"]

1. d4 Nf6 2. c4 Nc6 3. Nc3 d6 4. e4 e5 5. d5 Ne7 6. Nge2 g6 7. Ng3 Bg7 8. Be2
O-O 9. Be3 a5 10. Rc1 Ne8 11. O-O f5 12. exf5 Nxf5 13. Nxf5 Bxf5 14. Qd2 Rf7
15. Bf3 Nf6 16. Bg5 Qd7 17. Bxf6 Bxf6 18. Be4 Raf8 19. Qd3 Bg5 20. Rc2 Bh6 21.
Re2 Bxe4 22. Nxe4 b6 23. b3 Qg4 24. Rfe1 Bf4 25. h3 Qh5 26. Ng3 Qg5 27. Ne4 Qd8
28. Rd1 Kg7 29. Rf1 h5 30. g3 Bh6 31. f3 Qd7 32. h4 Qf5 33. Ref2 g5 34. hxg5
Bxg5 35. Rg2 Bh6 36. Qe2 Kh7 37. Rff2
1/2-1/2

[Event "Oslo Chess International 2014"]
[Site "Oslo"]
[Date "2014.09.28"]
[Round "2"]
[White "Omtvedt, Per"]
[Black "Merkesvik, Amalie Isabel"]
[Result "1-0"]
[WhiteElo "1948"]
[BlackElo "1530"]
[PlyCount "63"]
[EventDate "2014.??.??"]

1. e4 c5 2. Nc3 Nc6 3. g3 d6 4. Bg2 Nf6 5. d3 g6 6. h3 Bg7 7. Be3 O-O 8. Nge2
Nd7 9. O-O a6 10. f4 f5 11. Qd2 e5 12. Nd5 Nf6 13. c3 Nxd5 14. exd5 Ne7 15.
fxe5 dxe5 16. Bxc5 Rf7 17. c4 Bd7 18. Be3 Qc8 19. Kh2 e4 20. Bd4 Bxd4 21. Nxd4
exd3 22. Qxd3 Qc7 23. Nf3 Nc8 24. Rae1 f4 25. g4 b5 26. b3 bxc4 27. bxc4 Rb8
28. Rb1 Rxb1 29. Rxb1 Nb6 30. Rc1 Re7 31. d6 Re3 32. Qxe3
1-0

[Event "Oslo Chess International 2014"]
[Site "Oslo"]
[Date "2014.09.28"]
[Round "2"]
[White "Bakkes, Frits"]
[Black "Østby, Martin Bergsjø"]
[Result "0-1"]
[WhiteElo "1682"]
[BlackElo "1897"]
[PlyCount "64"]
[EventDate "2014.??.??"]

1. e4 c5 2. Nf3 e6 3. d4 cxd4 4. Nxd4 a6 5. Be2 Nf6 6. e5 Qa5+ 7. Nd2 Qxe5 8.
N2f3 Qc7 9. O-O Be7 10. c4 b6 11. b3 Bb7 12. Bb2 d6 13. Re1 O-O 14. Rc1 Nc6 15.
Bd3 Rad8 16. Qc2 Nb4 17. Qe2 e5 18. Bb1 Rfe8 19. Nf5 Bf8 20. a3 Nc6 21. Ne3 Ne7
22. Qc2 Ng6 23. Ng5 d5 24. Qe2 d4 25. Nf5 Nf4 26. Qd1 d3 27. Rc3 Qc6 28. Nf3
Ne2+ 29. Rxe2 dxe2 30. Qxe2 g6 31. Ng3 Bh6 32. Ne1 Rd2
0-1